| 000 | 00488nam a2200193Ia 4500 | ||
|---|---|---|---|
| 008 | 131103s9999 xx 000 0 und d | ||
| 020 | _a552145041 | ||
| 040 | _aLoreto College | ||
| 041 | _aEnglish | ||
| 082 |
_aF/STE _bLCBED/12437 |
||
| 100 | _aSteel, Danielle | ||
| 245 | 4 |
_aThe ghost _cDanielle Steel |
|
| 260 |
_aLondon _bCorgi Books _c1998 |
||
| 300 |
_a445p. _c 18 cm. |
||
| 650 | _aEnglish - fiction | ||
| 651 | _aEnglish literature | ||
| 850 | _aLCBED/F/STE | ||
| 942 | _cBK | ||
| 999 |
_c32893 _d83372 |
||